Didáctica general : (Record no. 213449)

MARC details
000 -CABECERA
campo de control de longitud fija 00953nam a22002657a 4500
003 - IDENTIFICADOR DEL NÚMERO DE CONTROL
campo de control
005 - FECHA Y HORA DE LA ÚLTIMA TRANSACCIÓN
campo de control 20250924063856.0
007 - CAMPO FIJO DE DESCRIPCIÓN FÍSICA--INFORMACIÓN GENERAL
campo de control de longitud fija cr |||a |||||
008 - ELEMENTOS DE LONGITUD FIJA--INFORMACIÓN GENERAL
campo de control de longitud fija 250606s2020 ec a|||foz||| 001 0 spa d
020 ## - NÚMERO INTERNACIONAL NORMALIZADO PARA LIBROS
Número Internacional Estándar del Libro 9789978775073
040 ## - FUENTE DE LA CATALOGACIÓN
Centro catalogador/agencia de origen MX-MxUPN
Lengua de catalogación spa
Centro/agencia transcriptor MX-MxUPN
Normas de descripción aacr2
041 0# - CÓDIGO DE IDIOMA
Código de lengua del texto/banda sonora o título independiente spa
049 ## - COLECCIÓN
Colección CAA
050 14 - SIGNATURA TOPOGRÁFICA DE LA BIBLIOTECA DEL CONGRESO
Número de clasificación LB1027
100 1# - ASIENTO PRINCIPAL--NOMBRE PERSONAL
Nombre de persona Cano de la Cruz, Yullio
9 (RLIN) 56861
245 10 - MENCIÓN DE TÍTULO
Título Didáctica general :
Resto del título una aproximación a su estudio
Medio [recurso electrónico en línea]
260 ## - PUBLICACIÓN, DISTRIBUCIÓN, ETC.
Lugar de publicación, distribución, etc. Santo Domingo, Ecuador :
Nombre del editor, distribuidor, etc. Centro de Publicaciones de la Pontificia Universidad Católica del Ecuador,
Fecha de publicación, distribución, etc. 2020
300 ## - DESCRIPCIÓN FÍSICA
Extensión 1 recurso en línea (171 páginas) :
Otras características físicas PDF
506 0# - NOTA DE RESTRICCIONES AL ACCESO
Limitaciones de acceso Acceso abierto.
650 #4 - ASIENTO SECUNDARIO DE MATERIA - TERMINO TEMATICO
Término de materia o nombre geográfico como elemento de entrada Educación
Subdivisión general Estudio y enseñanza
9 (RLIN) 1553
650 #4 - ASIENTO SECUNDARIO DE MATERIA - TERMINO TEMATICO
Término de materia o nombre geográfico como elemento de entrada Medios didácticos
9 (RLIN) 20230
856 40 - LOCALIZACIÓN Y ACCESO ELECTRÓNICOS
Especificación de materiales https://repositorio.puce.edu.ec/handle/123456789/1137
902 ## - ELEMENTOS DE DATOS B LOCAL, LDB (RLIN)
Creó Maiella Martínez/06062025
Modificó Berenice Martínez 230925
942 ## - ELEMENTOS DE PUNTO DE ACCESO ADICIONAL (KOHA)
Fuente del sistema de clasificación o colocación Library of Congress Classification
Tipo de ítem Koha Libro Electrónico
Holdings
Estado de retiro Estado de pérdida Fuente del sistema de clasificación o colocación Estado dañado No para préstamo Código de colección Localización permanente Ubicación/localización actual Ubicación en estantería Fecha de adquisición Total de préstamos Clasificación Fecha visto por última vez Identificador Uniforme del Recurso Precio válido a partir de Tipo de ítem Koha
    Library of Congress Classification     Acceso abierto Bib. Gregorio Torres Quintero Bib. Gregorio Torres Quintero En línea 06/06/2025   LB1027 06/06/2025 https://repositorio.puce.edu.ec/handle/123456789/1137 06/06/2025 Libro Electrónico